000 00604nam a22002177a 4500
003 UA-OsUOA
001 95709
007 ta
008 20130306b un ||||| |||| 00| 0 ukr d
090 _a821.19
_bК16
942 _cBK
040 _aUA-OsUOA
_brus
_cUA-OsUOA
_dUA-OsUOA
245 _aКакая ты, Армения?
_bповести, рассказы
_cПолонская В.
300 _a544 с.
955 _a3
041 _arus
080 _a821.19
260 _aМ.
_bИзвестия
_c1989
650 7 _a82 Література. Літературознавство
_2UDC
999 _c381979
_d381979